|
|
|
|
| LEADER |
00000nab a2200000 a 4500 |
| 001 |
vtls000797828 |
| 003 |
SK-MaSNL |
| 005 |
20260302155418.0 |
| 008 |
140402c2002 xo 0 slo |
| 015 |
|
|
|a SNBRB2002/06-19991
|
| 035 |
|
|
|a CLN000149483
|
| 040 |
|
|
|a SNKBUCL
|b slo
|c SNKBUCL
|e AACR2
|
| 041 |
0 |
|
|a slo
|
| 044 |
|
|
|a xo
|c SK
|
| 080 |
|
|
|a 284.1:061.3
|2 1997
|
| 100 |
0 |
|
|a -kdo-
|4 aut
|9 841571
|
| 245 |
1 |
0 |
|a Festival nádejných snov a nápadov - cirkev od A po Z
|b 5. stretnutie cirkví štyroch národov
|c -kdo-
|
| 611 |
1 |
7 |
|a Piate stretnutie cirkví štyroch národov
|d 2002
|c Görlitz, Nemecko
|2 snkbucl
|9 853813
|
| 655 |
|
7 |
|a články z novín a časopisov
|2 snkbucl
|9 267496
|
| 773 |
0 |
|
|t Evanjelický posol spod Tatier
|g Roč. 92, č. 23 (2002), s. 1
|x 0139-8768
|
| 850 |
|
|
|a Slovenská národná knižnica v Martine
|
| 852 |
|
|
|a SNK
|b KIS3GCP
|
| 958 |
|
|
|a SK
|
| 958 |
|
|
|a DE
|
| 958 |
|
|
|a PL
|
| 958 |
|
|
|a CZ
|
| 992 |
|
|
|a RBX
|
| 999 |
|
|
|c 1371379
|d 1373309
|